| 000 | 004920000a22001450004500 | ||
|---|---|---|---|
| 090 |
_aAR _b04275 |
||
| 245 | 1 | 0 | _aDistributional patterns of Chacoan water bungs (Heteroptera: Belostomatidae, Corixidae, Micronectidae and Gerridae) |
| 500 | _a<Literatura de escarabajos coprófagos> | ||
| 041 | 0 | _aInglés | |
| 700 | 1 |
_aMazzucconi, Silvia A. _998147 |
|
| 700 | 1 |
_aBachmann, Axel O. _998146 |
|
| 100 | 1 |
_aMorrone, Juan J. _94481 |
|
| 942 | _cARTICULO | ||
| 773 | 1 |
_tHydrobiologia _q023718 _d2004 _g523 |
|
| 999 |
_c13372 _d13372 |
||